00970nam a2200241 a 450000100060000000300080000600500170001400800410003103500190007204000270009104100080011808200270012610000380015324500650019126000430025630000270029950400410032665100410036794200120040899900170042095201450043795201460058246287BD-RjUL20211209054130.016 s1958 pk b 000 0 eng  a(BD-RjUL)46405 aDLCcDLCdBD-RjULbeng aeng00a327.5491223bCHP 19581 aChaudhri, Mohammed Ahsen.912956910aPakistan and the regional pacts / cMohammed Ahsen Chaudhri. aKarachi : bEast publications., c1958 a[6], 144 p. ; c23 cm. aIncludes bibliographical references. 0aPakistanxForeign relations.9141359 2ddccBK c46287d46287 00102ddc40708NFICaRUCLbRUCLcStackd1959-01-07eEast Publicationg2.80l0o327.5491 CHP 1958r2016-08-01 00:00:00tC-2w2016-08-01yBK 00102ddc40708NFICaRUCLbRUCLcStackd1959-01-07eEast Publicationg28.00l0o327.5491 CHP 1958r2016-08-09 00:00:00tC-3w2016-08-09yBK